[Event "Cappelle op 29th"]
[Site "Cappelle la Grande"]
[Date "2013.02.27"]
[Round "6"]
[White "Grall, Gwenole"]
[Black "Hurreau, Jean Francois"]
[Result "1-0"]
[WhiteElo "1746"]
[BlackElo "1516"]
[PlyCount "37"]
[EventDate "2013.02.23"]
[EventType "swiss"]
[EventRounds "9"]
[EventCountry "FRA"]
[SourceTitle "CBM 153 Extra"]
[Source "ChessBase"]
[SourceDate "2013.04.22"]
[SourceVersion "1"]
[SourceVersionDate "2013.04.22"]
[SourceQuality "1"]

1. e4 d5 2. exd5 Qxd5 3. Nc3 Qa5 4. d4 Nf6 5. Bc4 e6 6. Bd2 c6 7. Nd5 Qd8 8. Nxf6+ Qxf6 9. Nf3 h6 10. 0-0 Bd6 11. Re1 0-0 12. Bc3 Qd8 13. Ne5 Qc7 14. Qh5 b5 15. Bd3 Ba6 16. Bd2 f5 17. Bxh6 gxh6 18. Qg6+ Qg7 19. Qxe6+ 1-0

[Event "Fourmies op 35th"]
[Site "Fourmies"]
[Date "2011.06.12"]
[Round "3"]
[White "Hurreau, Jean Francois"]
[Black "Karim, Ismael"]
[Result "0-1"]
[WhiteElo "1360"]
[BlackElo "2389"]
[PlyCount "60"]
[EventDate "2011.06.11"]
[EventType "swiss"]
[EventRounds "7"]
[EventCountry "FRA"]
[SourceTitle "CBM 142 Extra"]
[Source "ChessBase"]
[SourceDate "2011.06.27"]
[SourceVersion "1"]
[SourceVersionDate "2011.06.27"]
[SourceQuality "1"]

1. e4 g6 2. d4 d6 3. Nf3 Nf6 4. Nc3 Bg7 5. Bd3 0-0 6. 0-0 Nc6 7. Be3 Ng4 8. Qd2 Nxe3 9. fxe3 e5 10. d5 Ne7 11. Rf2 Bh6 12. Re1 f5 13. g3 Kh8 14. Bf1 Ng8 15. Kh1 Nf6 16. Qd3 fxe4 17. Nxe4 Ng4 18. Bg2 Nxf2+ 19. Nxf2 Bf5 20. e4 Bd7 21. c4 Qe7 22. b3 Rf6 23. Rf1 Raf8 24. h3 Qf7 25. Ng4 Bxg4 26. hxg4 Qe7 27. g5 Bxg5 28. Nxg5 Rxf1+ 29. Bxf1 Qxg5 30. Kg2 h5 0-1

[Event "Champagne Ardenne op 5th"]
[Site "Champagne Ardenne"]
[Date "2009.05.02"]
[Round "3"]
[White "Biryukova, Alice"]
[Black "Hurreau, Jean Francois"]
[Result "1-0"]
[WhiteElo "1412"]
[BlackElo "1499"]
[PlyCount "55"]
[EventDate "2009.05.01"]
[EventType "swiss"]
[EventRounds "7"]
[EventCountry "FRA"]
[SourceTitle "EXT 2010"]
[Source "ChessBase"]
[SourceDate "2010.11.25"]
[SourceVersion "1"]
[SourceVersionDate "2010.11.25"]
[SourceQuality "1"]

1. e4 e5 2. Nf3 Nf6 3. Nxe5 d6 4. Nf3 Be7 5. Nc3 0-0 6. Bc4 Nc6 7. 0-0 a6 8. d4 Rb8 9. d5 Ne5 10. Nxe5 dxe5 11. b3 Bc5 12. Bb2 Qe7 13. Qf3 b5 14. Be2 Rd8 15. Qg3 Bd4 16. Bc1 Kh8 17. Bg5 Bxc3 18. Qxc3 Rb6 19. Bxf6 gxf6 20. a4 b4 21. Qc4 Rg8 22. a5 Bh3 23. axb6 cxb6 24. Bf3 f5 25. Kh1 f4 26. gxh3 a5 27. Rg1 f6 28. Rxg8+ 1-0